The mystery of consciousness
Αποθηκεύτηκε σε:
| Κύριος συγγραφέας: | |
|---|---|
| Μορφή: | Βιβλίο |
| Γλώσσα: | English |
| Δημοσίευση: |
London :
Granta Books,
c1997
|
| Θέματα: | |
| Ετικέτες: |
Προσθήκη ετικέτας
Δεν υπάρχουν, Καταχωρήστε ετικέτα πρώτοι!
|
MARC
| LEADER | 00000nam a2200000 i 4500 | ||
|---|---|---|---|
| 001 | 1/37882 | ||
| 008 | 061121s1997 eng d | ||
| 020 | |a 1-86207-122-5 | ||
| 035 | |l 10086207 | ||
| 040 | |a GR-MY-UA |b gre |e aacr | ||
| 041 | 0 | |a eng | |
| 082 | 0 | |a 128.2 |2 (22) | |
| 100 | 1 | |a Searle, John R. | |
| 245 | 1 | 4 | |a The mystery of consciousness / |c John R. Searle ; and exchanges with Daniel C. Dennett and David J. Chalmers |
| 260 | |a London : |b Granta Books, |c c1997 | ||
| 300 | |a xvi, 224 σ.; |c 20 εκ. | ||
| 504 | |a Περιλαμβάνει ευρετήρια | ||
| 650 | 0 | 0 | |a Consciousness. |
| 650 | 0 | 0 | |a Mind and body. |
| 700 | 1 | |a Dennett, Daniel Clement. |4 oth | |
| 700 | 1 | |a Chalmers, David John |d 1966- |4 oth | |
| 852 | |a INST |b SYROS |e 20061121 |h 128.2 SEA |p 005500004525 |q 005500004525 |t BK |y 0 | ||
| 901 | |a BIBL5-2006-3 | ||
| 909 | |a Ε |b 130034 | ||
| 922 | |a 5ΕΛΗ |b 200611 |c ΒΙΒΛΙΟΘΗΚΗ ΣΥΡΟΥ |d GLORY BOOK | ||
| 950 | |a 188-2006-10-20 | ||
| 970 | |a ΚΟΝΤΟΥ |b ΠΑΡΑΣΚΕΥΗ |z 2006/11/29 | ||